On This Day: July 16th II Quiz Stats

 Plays Quiz Updated Jul 16, 2018

Score 0/7 Timer 03:00
1 Play Today
Question Answer Wrong Answers
Emperor Haile Selassie signs the first modern constitution of ______.
1931
Ethiopia
81.4%
Eritrea
2.6%
Egypt
13.6%
Equatorial Guinea
2.2%
The government of ______ orders the mass arrest of 13,152 Jews who are held at the Winter Velodrome in Paris before deportation to Auschwitz.
1942
Vichy France
76.3%
Abkhazia
2.7%
Baltic State Duchy
3.8%
Congress Poland
16.8%
Iraqi President Ahmed Hassan al-Bakr resigns, and is replaced by this man.
1979
Saddam Hussein
73%
Muammar Gaddafi
5.1%
Ruhollah Khomeini
15.2%
Yasser Arafat
5.2%
At the order of President Abraham Lincoln, Union troops begin a 25-mile march into this state for what will become the First Battle of Bull Run, the first major land battle of the Civil War.
1861
Virginia
68.4%
Maryland
8.9%
Tennessee
11.6%
North Carolina
11%
King Leopold III of ______ abdicates in favor of his son, Baudouin I.
1951
Belgium
60.2%
Denmark
19.9%
Norway
12.7%
Monaco
6.4%
This American football legend, who unexpectedly retired from football 1,457 yards short of breaking the NFL's all-time rushing record, is born.
1968
Barry Sanders
56.1%
Marshall Faulk
5.4%
Bo Jackson
22.4%
Gale Sayers
14.9%
The Mont Blanc Tunnel, which links France and ______, is inaugurated.
1965
Italy
28.4%
Switzerland
59.1%
Liechtenstein
2.3%
Spain
9.2%

You're not logged in!

Compare scores with friends on all Sporcle quizzes.
OR
Log In

Sporcle TV

Today on Sporcle TV


Watch our educational content, quiz creation guides, and fun videos on Sporcle TV.

Show Comments

Extras

Top Quizzes Today


Score Distribution

Your Account Isn't Verified!

In order to create a playlist on Sporcle, you need to verify the email address you used during registration. Go to your Sporcle Settings to finish the process.

Report this User

Report this user for behavior that violates our Community Guidelines.

Details: